PSYCHOLOGY IN INDIA REVISITED VOL-2 (Record no. 18089)

MARC details
000 -LEADER
fixed length control field 00305nam a22001337a 4500
003 - CONTROL NUMBER IDENTIFIER
control field SGT
020 ## - INTERNATIONAL STANDARD BOOK NUMBER
International Standard Book Number 978-07-619-9459-6
082 ## - DEWEY DECIMAL CLASSIFICATION NUMBER
Classification number 150.954
Item number P01P
100 ## - MAIN ENTRY--PERSONAL NAME
Personal name PANDEY, JANAK
245 ## - TITLE STATEMENT
Title PSYCHOLOGY IN INDIA REVISITED VOL-2
260 ## - PUBLICATION, DISTRIBUTION, ETC. (IMPRINT)
Place of publication, distribution, etc LOS ANGELES
Name of publisher, distributor, etc SAGE
Year of Publication 2001
300 ## - PAGE DESCRIPTION
No. of Pages 502
942 ## - ADDED ENTRY ELEMENTS (KOHA)
Source of classification or shelving scheme Dewey Decimal Classification
Koha item type Books
Holdings
Withdrawn status Lost status Source of classification or shelving scheme Damaged status Not for loan Collection code Home library Current library Shelving location Date acquired Vendor Name Cost, normal purchase price SGTU Bill Number Total Checkouts Full call number Accession No. (Barcode) Date last seen Bill Date Koha item type
    Dewey Decimal Classification   Not For Loan MEDICAL SGT Medical Library SGT Medical Library Reference Book 29/05/2019 ABC DELHI 855.00 SGTU 10951   150.954 P01P FM11341 29/05/2019 11/04/2019 Books